[Event "ITA-ch U20"]
[Site "Bratto"]
[Date "2005.08.26"]
[Round "7"]
[White "Rostolis, Riccardo"]
[Black "Perico, Alessandro"]
[Result "1/2-1/2"]
[WhiteElo "1966"]
[BlackElo "1736"]
[PlyCount "100"]
[EventDate "2005.08.20"]
[EventType "swiss"]
[EventRounds "9"]
[EventCountry "ITA"]
[SourceTitle "EXT 2006"]
[Source "ChessBase"]
[SourceDate "2005.11.24"]
[SourceVersion "1"]
[SourceVersionDate "2005.11.24"]
[SourceQuality "1"]

1. e4 e6 2. d4 d5 3. e5 c5 4. c3 Qb6 5. Nf3 Nc6 6. Bd3 cxd4 7. cxd4 Bd7 8. 0-0 Nge7 9. Nc3 a6 10. Re1 Nxd4 11. Nxd4 Qxd4 12. Qe2 Nc6 13. a3 g6 14. Kh1 Bg7 15. f4 Qb6 16. Qg4 0-0 17. Rd1 Na5 18. Nxd5 exd5 19. Qxd7 Rfd8 20. Qg4 Nb3 21. Rb1 Nxc1 22. Rdxc1 Qe3 23. Rc3 Qd2 24. Rb3 Rac8 25. Rf1 b5 26. Qh4 Rd7 27. Qg4 Rdc7 28. h3 Rc1 29. Kh2 Bh6 30. h4 R8c2 31. Rf3 Rc6 32. h5 Qd1 33. hxg6 hxg6 34. Bf1 Qd4 35. Qh4 g5 36. Qg4 Rg6 37. Rbd3 Qe4 38. Rde3 Qd4 39. Bd3 Rgc6 40. Qf5 gxf4 41. Qg4+ Kf8 42. Qh5 Bg7 43. Qg5 Bh6 44. Qd8+ Kg7 45. Rg3+ fxg3+ 46. Rxg3+ Rg6 47. Rxg6+ fxg6 48. Qf6+ Kg8 49. Qxg6+ Kf8 50. Qd6+ Kg8 1/2-1/2

[Event "ITA-ch U20"]
[Site "Bratto"]
[Date "2005.08.21"]
[Round "2"]
[White "Perico, Alessandro"]
[Black "Frilli, Guido"]
[Result "0-1"]
[WhiteElo "1736"]
[BlackElo "2120"]
[PlyCount "62"]
[EventDate "2005.08.20"]
[EventType "swiss"]
[EventRounds "9"]
[EventCountry "ITA"]
[SourceTitle "EXT 2006"]
[Source "ChessBase"]
[SourceDate "2005.11.24"]
[SourceVersion "1"]
[SourceVersionDate "2005.11.24"]
[SourceQuality "1"]

1. d4 d5 2. Nf3 c6 3. e3 Bg4 4. Bd3 e6 5. 0-0 f5 6. c4 Bd6 7. Nbd2 Nf6 8. h3 Bh5 9. Qc2 Nbd7 10. b3 Ne4 11. Bb2 0-0 12. Ne5 Nxe5 13. dxe5 Bb4 14. Nxe4 fxe4 15. Be2 Bxe2 16. Qxe2 Qg5 17. Kh2 Rf5 18. f4 exf3 19. gxf3 Raf8 20. f4 Qh6 21. Rf3 Bc5 22. Raf1 Kh8 23. Bc1 g5 24. cxd5 cxd5 25. Qc2 b6 26. b4 Bxb4 27. fxg5 Rxf3 28. gxh6 Rxf1 29. Qc6 Be1 30. Qd6 R8f2+ 31. Kg3 Rg1+ 0-1

[Event "ITA-ch U20"]
[Site "Porto San Giorgio"]
[Date "2004.08.26"]
[Round "7"]
[White "Chinello, Gianmarco"]
[Black "Perico, Alessandro"]
[Result "1-0"]
[WhiteElo "2100"]
[BlackElo "1685"]
[PlyCount "79"]
[EventDate "2004.08.20"]
[EventType "swiss"]
[EventRounds "9"]
[EventCountry "ITA"]
[SourceTitle "EXT 2005"]
[Source "ChessBase"]
[SourceDate "2004.11.15"]
[SourceVersion "1"]
[SourceVersionDate "2004.11.15"]
[SourceQuality "1"]

1. e4 e6 2. d3 d5 3. Nd2 Nd7 4. Ngf3 b6 5. exd5 exd5 6. Be2 c5 7. d4 Ngf6 8. 0-0 Be7 9. Re1 0-0 10. Bb5 Bb7 11. Ne5 Nxe5 12. dxe5 Ne4 13. Nxe4 dxe4 14. Qg4 Kh8 15. Bf4 f5 16. exf6 Rxf6 17. Rad1 Qf8 18. Be5 Rg6 19. Qf4 e3 20. g3 exf2+ 21. Qxf2 Bf6 22. Rd7 Bc8 23. Rd3 Bg4 24. Rde3 Bxe5 25. Qxf8+ Rxf8 26. Rxe5 Rgf6 27. Re8 g6 28. Bc4 Bd7 29. R8e7 Bh3 30. Rxa7 Rf2 31. Bd3 c4 32. Bxc4 Rxc2 33. b3 Rg2+ 34. Kh1 Rgf2 35. a4 Bg2+ 36. Kg1 Bc6 37. Bf1 Rb2 38. Ree7 Rf3 39. Rxh7+ Kg8 40. Bc4+ 1-0

[Event "ITA-ch U20"]
[Site "Porto San Giorgio"]
[Date "2004.08.23"]
[Round "4"]
[White "Perico, Alessandro"]
[Black "Berardi, Alessandro"]
[Result "1-0"]
[WhiteElo "1685"]
[BlackElo "1577"]
[PlyCount "65"]
[EventDate "2004.08.20"]
[EventType "swiss"]
[EventRounds "9"]
[EventCountry "ITA"]
[SourceTitle "EXT 2005"]
[Source "ChessBase"]
[SourceDate "2004.11.15"]
[SourceVersion "1"]
[SourceVersionDate "2004.11.15"]
[SourceQuality "1"]

1. e4 e6 2. d4 d5 3. e5 c5 4. c3 Nc6 5. Nf3 Qb6 6. a3 c4 7. Be2 Na5 8. Nbd2 Bd7 9. a4 Be7 10. Qc2 f6 11. 0-0 0-0-0 12. Bd1 Be8 13. b3 Bg6 14. Qa2 Bd3 15. Re1 cxb3 16. Bxb3 Nxb3 17. Qxb3 Qc7 18. exf6 Nxf6 19. Rxe6 Bd6 20. Ba3 Bf4 21. Re7 Rd7 22. Rae1 g5 23. Rxd7 Nxd7 24. Re7 Rd8 25. g3 g4 26. Ne5 Bxd2 27. Nf7 b6 28. Qxd5 Ba6 29. Nxd8 Qxc3 30. Qxd7+ Kb8 31. Nc6+ Qxc6 32. Re8+ Qc8 33. Bd6+ 1-0

[Event "ITA-chT UISP 23rd"]
[Site "Rimini"]
[Date "2002.12.??"]
[Round "6"]
[White "Rombaldoni, Axel"]
[Black "Perico, Alessandro"]
[Result "1-0"]
[WhiteElo "1669"]
[BlackElo "1600"]
[PlyCount "61"]
[EventDate "2002.12.??"]
[EventType "team"]
[EventRounds "6"]
[EventCountry "ITA"]
[SourceTitle "EXT 2024"]
[Source "ChessBase"]
[SourceDate "2023.10.10"]
[SourceVersion "1"]
[SourceVersionDate "2023.10.10"]
[SourceQuality "1"]

1. e4 e6 2. d4 d5 3. Nc3 Bb4 4. a3 Bxc3+ 5. bxc3 Nf6 6. e5 Nfd7 7. Qg4 Kf8 8. Bd3 c5 9. f4 c4 10. Be2 h5 11. Qh3 g6 12. g4 h4 13. Nf3 Nc6 14. Bd2 Nb6 15. 0-0 Na4 16. Be1 Qa5 17. Nxh4 Ke8 18. Qg3 Qb5 19. Bd2 Na5 20. Rab1 Qa6 21. f5 gxf5 22. gxf5 b5 23. Qg7 Rxh4 24. Qg8+ Kd7 25. Qxf7+ Kc6 26. Qe8+ Bd7 27. Qxa8+ Qb7 28. Qxb7+ Nxb7 29. f6 Rh8 30. f7 Rf8 31. Bh6 1-0